000 01687cam a22002174a 4500
005 20250829130442.0
008 250528s ||||||||||||||||||||||||d
035 _a17200
020 _a750616709
040 _aGR-AtMCL
_bgre
_dGR-AtMCL
_eAACR2
245 1 _aThe Geography of Travel and Tourism / Second Edition
250 _a2nd
260 _bButterworth Heinemann,
_c1994
300 _a276
520 _aA comprehensive examination of the basic principles underlying the geography of tourist demand, supply and transportation, together with a broad survey of world tourism generating and destination regions. Preface, An Introduction to the Geography of Tourism, The Geography of Demand for Tourism, The Geography of Resources for Tourism, Climate and Tourism, The Elements of Transport for Tourism, World Patterns of Tourism Flows, An Introduction to the Tourism Geography of Europe, The Demand for and Supply of Tourism in the British Isles, The Tourism Resources of the British Isles: England and the Channel Islands, The Tourist Resources of the British Isles: Scotland and Wales and the Isle of Man, The Tourist Resources of the British Isles: Eire and Northern Ireland, Central Europe: Austria and Switzerland and Germany, The Benelux Countries, France, The Iberian Peninsula, Italy and Malta and Greece, Africa, The Levant and the Middle East, Asia, Australasia, North America, Latin America and the Caribbean, The Future Geography of Travel and Tourism: Trends and Issues, Appendices, Selected Bibliography, Place Name and Subject Index.
700 1 _aBoniface G. Brian
_93361
700 1 _aCooper, Chris
_93362
942 _cBK
999 _c2634
_d2634